| 000 | 00441nam a2200181Ia 4500 | ||
|---|---|---|---|
| 005 | 20250423094433.0 | ||
| 008 | 250422s9999 xx 000 0 und d | ||
| 020 | _a0- 201- 14501- 4 | ||
| 050 | _aQA 76.6 .D44/ | ||
| 100 | _aHarvey M. Deitel | ||
| 245 | 3 | _aAn Introduction to Operating Systems | |
| 260 | _aCanada | ||
| 260 | _bAddison Wesley | ||
| 260 | _c1984 | ||
| 300 | _a673 p | ||
| 650 | _aOperating Systems | ||
| 942 | _cBK | ||
| 999 |
_c27233 _d27233 |
||